Normal view
MARC view
- Joshi, M V
Entry Personal Name
001 - CONTROL NUMBER
- control field: 7617
003 - CONTROL NUMBER IDENTIFIER
- control field: OSt
005 - DATE AND TIME OF LATEST TRANSACTION
- control field: 20250707111905.0
008 - FIXED-LENGTH DATA ELEMENTS
- fixed length control field: 250707|| aca||aabn | a|a d
040 ## - CATALOGING SOURCE
- Original cataloging agency: OSt
- Transcribing agency: OSt
100 ## - HEADING--PERSONAL NAME
- Personal name: Joshi, M V
670 ## - SOURCE DATA FOUND
- Source citation: Work cat.: (OSt)5664: Joshi, M V ., Process equipment design / , 1981.
